Factores que inciden en el cumplimiento voluntario de las obligaciones tributarias

Bibliographic Details
Main Author: Arana Landn̕, Sofa̕
Format: Unknown
Language:Spanish
Published: Madrid : Dykinson, 2008
Subjects:
Online Access:Acceso restringido

MARC

LEADER 00000ny a22000003n 4500
003 CaPaEBR
005 20110519114944.0
006 m u
007 cr cn|||||||||
008 200903r2008 sp |||||s|||||||||||spa d
020 |a 9788498492606 
035 |a 2738 
040 |a FlNmELB  |c FlNmELB  |d vLex 
050 1 4 |a KKT3558  |b A662 2008eb 
080 |a 351.713(460) 
082 0 4 |a 352.44  |2 22 
090 |c 35  |d 35 
100 1 |a Arana Landn̕, Sofa̕ 
245 1 0 |a Factores que inciden en el cumplimiento voluntario de las obligaciones tributarias  |h [Recurso electrn̤ico]  |c Sofa̕ Arana Landn̕ 
256 |a Servicio en ln̕ea 
260 |a Madrid :  |b Dykinson,  |c 2008 
300 |a 239 p. 
506 1 |a Contenido solo disponible en los productos indicados  |d vLex Global  |d vLex Global (Academic Edition, excluding Law Schools)  |d vLex Global (U.S. Academic Edition, Law Schools)  |d vLex Global (U.S. Academic Edition, excluding Law Schools)  |d vLex Global (Academic Edition, Law Schools) 
650 0 7 |a Tributario  |2 Tesauro vLex 
650 0 7 |a Obligacin̤ tributaria  |2 Tesauro vLex 
650 0 7 |a Hecho imponible  |2 Tesauro vLex 
740 |a vLex Libros (Servicios en ln̕ea) 
856 4 0 |u http://vlex.com/source/2738  |z Acceso restringido 
942 |c BOOK 
999 7 |a Tax administration and procedure  |z Spain. 
999 7 |a Tax collection  |z Spain.